000 002440000a22000970004500
100 1 _aPowell, David R.
245 1 0 _aSemilla que dá fruto
300 _aVol. 54, Núm 243 (1999), Páginas 8-9
773 0 _tLa Biblia de las Américas
942 _cANA
999 _c51548
_d51548